| 000 | 00434nab a2200145Ia 4500 | ||
|---|---|---|---|
| 003 | ES-SlBCS | ||
| 005 | 20210601144201.0 | ||
| 008 | 140529s1925 xxu||||| |||| 00| 0 spa d | ||
| 041 | _aspa | ||
| 100 | 1 |
_aPérez Goyena, Antonio _979172 |
|
| 245 | 0 | 0 |
_aEl nuevo Doctor de la Iglesia _c Antonio Pérez Goyena |
| 650 | 0 | 4 |
_aDoctor de la Iglesia _9192870 |
| 773 | 0 |
_tRazon y Fe _gvol. 72, nº. 7, 1925, págs. 273-285 _wRev337 |
|
| 942 | _cAR | ||
| 999 |
_c704557 _d704557 |
||